000 00973cam a22003017a 4500
003 CHAP
005 20220329133745.0
008 971013s1943 r 00010 d
010 _a10436
011 _a11408
035 _a10646
040 _cCHAP
082 _a616.96
_bC32
100 0 0 _aCable, Raymond Millard.
_916621
245 1 3 _aAn illustrated laboratory manual of parasitology
260 _aMinneapolis :
_bBurgess,
_c1943
300 _a112 p.
_b: ilus
590 _aBATCH-UPD
_b10
_c20130110
_lUCH01
_h1835
590 _aBATCH-UPD
_b10
_c20130410
_lUCH01
_h1207
590 _aBATCH-UPD
_b10
_c20130914
_lUCH01
_h1901
590 _aCONVERSION
_b10
_c20130109
_lUCH01
_h1307
650 1 4 _aParĂ¡sitos.
_985652
901 _aBK
942 _cLIBRO
949 _a616.96 C32
_bBC
_cBPA
_d-22374
_eBPA
_h18436
_i10646
_si
_t7.50
949 _a616.96 C32
_bBC
_cBPA
_d-22376
_eBPA
_fc.2
_h18437
_i10646
_si
_t7.50
949 _a616.96 C32
_bBC
_cBPA
_d-22377
_eBPA
_fc.3
_h18438
_i10646
_si
_t7.50
999 _c10436
_d10436